000 00804nam a2200265 a 4500
001 BRL_690
005 20190320210844.0
008 250913s1990----sp-b######---#000-0#spa-#
020 _a8433931423
041 _aspa
044 _asp
050 4 _aDB449.2
_b.M34 1990
100 1 _aMagris, Claudio
_924658
245 1 0 _aEl Danubio
_cClaudio Magris ; traducción de Joaquín Jordá.
250 _a3
260 _aBarcelona
_bAnagrama
_c1990
300 _a375 p.
_bil., mapas
_c22 cm.
500 _aTraducción de: Danubio
500 _aAu773
600 1 4 _aMagris, Claudio
_xViajes
_yDanube River Valley
_zValle de Rio Danubio
_924659
651 4 _aValle del Rio Danubio
_vDanube River Valley
_xDescripción y viajes
_924660
700 1 _aJordá, Joaquín
_etr.
_924661
902 _aGRL
942 _2lcc
_cB
999 _c9502
_d9502